UECL Final 2024 Line-ups - Statistics

General Stats
  • This quiz has been taken 10 times
  • The average score is 10 of 22
Answers on the Map
Answers color-coded by a green-red scale on the quiz's map according to % correct below.
 
Answer Stats
Answer % Correct
Ayoub El Kaabi
100%
Daniel Podence
63%
Konstantinos Tzolakis
63%
Kostas Fortounis
63%
Pangiotis Retsos
63%
Rodinei
63%
Chiquinho
50%
Cristiano Biraghi
50%
David Carmo
50%
Dodô
50%
Santiago Hezze
50%
Vicente Iborra
50%
Andrea Belotti
38%
Francisco Ortega
38%
Nicolás González
38%
Rolando Mandragora
38%
Christian Kouamé
25%
Giácomo Bonaventura
25%
Nicola Milenkovic
25%
Arthur
13%
Lucas Martinez Quatra
0%
Pietro Terocciano
0%
No matching quizzes found
Score Distribution
Percent of People with Each Score
Percentile by Number Answered
Your Score History
You have not taken this quiz